| 000 | 00485nam a2200181Ia 4500 | ||
|---|---|---|---|
| 999 |
_c14505 _d14505 |
||
| 003 | OSt | ||
| 005 | 20201103095628.0 | ||
| 008 | 190216s9999||||xx |||||||||||||| ||und|| | ||
| 020 | _a9780340935842 | ||
| 040 | _coclc | ||
| 082 |
_a813.54 _bPIC/C |
||
| 100 |
_aPicoult, Jodi _96205 |
||
| 245 | 0 |
_aChange Of Heart / _cJodi Picoult |
|
| 260 |
_bHodder, _c2008. _aLondon: |
||
| 300 | _a470p | ||
| 650 | _aEnglish | ||
| 942 |
_cBK _2ddc _h813.54 _iPIC/C _k813.54 _mPIC/C |
||